000 01016nam a2200253 a 4500
001 000032860
003 OSt
005 20250307073710.0
008 110801s1932 dr 000 0 spa d
040 _aDO-SdBNP
_bspa
_cBNPHU
082 4 _a467.9
_bH519s
_222
100 1 _aHenríquez Ureña, Pedro,
_d1884-1946
_91718
245 1 0 _aSobre el problema del andalucismo dialectal de América /
_cPedro Henríquez Ureña.
260 _aBuenos Aires :
_bFacultad de Filosofía y Letras, Instituto de Filología,
_c1932.
300 _a136 p. ;
_c23 cm.
490 1 _aBiblioteca de Dialectología Hispanoamericana
_aAnejo
_v1
500 _aIncluye referencias bibliográficas y notas al pie de las paginas
590 _aInventariado, 2019 / DG
650 4 _aEspanol
_xProvincialismos
_zAmérica del Sur
_977065
650 4 _aEspanol
_xProvincialismos
_zAndalucía
_977066
830 0 _aBiblioteca de Dialectología Hispanoamericana. Anejo
_n1
_958647
910 _aValidado. Control de calidad MFF
942 _2ddc
_cLBS1
999 _c32351
_d32351